LEADER 02339nam0 22004573i 450 001 BVEE059722 005 20170908093231.0 012 $ao-o- a.la o.re pogi (3) 1806 (A)$2fei 100 $a20070614d1806 ||||0itac50 ba 101 | $aita 102 $ait 181 1$6z01$ai $bxxxe 182 1$6z01$an 200 1 $aDelle epistole di Q. Orazio Flacco libri due tradotti in verso sdrucciolo con note ed illustrazioni da Arcangelo Isaia C.R. delle scuole pie ... All'Illmo. e Rmo Monsignore Angelo Cesarini vescovo di Milevi 210 $aRoma$cpresso Antonio Fulgoni$d1806 215 $a181, [1] p.$d8° 300 $aCorsivo ; romano 300 $aSegn.: A-K8 L12(-L12) 300 $aBianca l'ultima pagina. 316 $a1 v. rileg. in misc.; altra coll. manoscr.: vol. 50 della 1. serie della misc.$5IT-NA0097, CUOMO OP 1. SER. 332 620 $aIT$dRoma$3LO1L002924 700 1$aHoratius Flaccus$b, Quintus$3CFIV000246$4070$075513 702 1$aCesarini$b, Angelo$3IEIV052427 702 1$aIsaia$b, Arcangelo$3RAVV109930 712 02$aFulgoni, Antonio$3RMSV017992$4650 790 0$aOrazio$3CFIV000247$zHoratius Flaccus, Quintus 790 1$aOrazio Flacco$b, Quinto$3CFIV010717$zHoratius Flaccus, Quintus 790 0$aHorace$3CFIV012150$zHoratius Flaccus, Quintus 790 1$aOrazio Flacco$b, Q.$3CFIV137964$zHoratius Flaccus, Quintus 790 1$aHoratius$b, Q.$3CFIV167021$zHoratius Flaccus, Quintus 790 0$aHoratius$3CFIV228341$zHoratius Flaccus, Quintus 790 1$aFlacco$b, Orazio Q.$3SBNV029084$zHoratius Flaccus, Quintus 790 0$aSelmiro Isacide$3RAVV109931$zIsaia, Arcangelo 791 02$aFulgonius, Antonius$3BVEV135111$zFulgoni, Antonio 801 3$aIT$bIT-NA0079$c20070614 850 $aIT-NA0097 912 $aBVEE059722 950 0$aSocietà napoletana di storia patria$b1 esemplare$c1 v.$d SPCUOMO OP 1. SER. 332$e SPCUO0000053085 B (2 1 v. rileg. in misc.; altra coll. manoscr.: vol. 50 della 1. serie della misc.$fZ $h20070614$i20070614 977 $a SP 996 $aDelle epistole di Q. Orazio Flacco libri due tradotti in verso sdrucciolo con note ed illustrazioni da Arcangelo Isaia C.R. delle scuole pie ... All'Illmo. e Rmo Monsignore Angelo Cesarini vescovo di Milevi$91482359 997 $aUNISANNIO